KOHA-Header-6

Musbat Soch ki taqat (Record no. 2517)

000 -LEADER
fixed length control field 00260nam a2200109Ia 4500
008 - FIXED-LENGTH DATA ELEMENTS--GENERAL INFORMATION
fixed length control field 190802s9999 xx 000 0 und d
100 ## - MAIN ENTRY--PERSONAL NAME
Personal name Abulfarah Humayun
245 #0 - TITLE STATEMENT
Title Musbat Soch ki taqat
260 ## - PUBLICATION, DISTRIBUTION, ETC. (IMPRINT)
Place of publication, distribution, etc Karachi
Name of publisher, distributor, etc City Book
Date of publication, distribution, etc 2014
300 ## - PHYSICAL DESCRIPTION
Extent 191:p
942 ## - ADDED ENTRY ELEMENTS (KOHA)
Koha item type Books
Holdings
Withdrawn status Lost status Source of classification or shelving scheme Damaged status Not for loan Collection code Permanent Location Current Location Shelving location Date acquired Total Checkouts Full call number Barcode Date last seen Date checked out Price effective from Koha item type
          Urdu Literature MAJU MAJU   2019-08-03 1 910.4 9140 2021-02-03 2021-01-21 2019-08-03 Urdu Literature

Powered by Koha